| 000 | 004160000a22001690004500 | ||
|---|---|---|---|
| 003 | LK-CoMWRAF | ||
| 008 | 230817t ||||| |||| 00| 0 eng d | ||
| 040 |
_aLK-CoMWRAF _dLK-CoMWRAF _eLK-CoMWRAF |
||
| 041 | _aeng | ||
| 082 |
_a490 _bSOM |
||
| 100 | _aSOMASUNDARAM, KUMARASWAMAY | ||
| 245 |
_aManitha vilumiyankal _b |
||
| 260 |
_aColombo _bRaji Pub. _c1995 |
||
| 300 | _ap.190 | ||
| 650 | _aliterature | ||
| 942 | _cBK | ||
| 999 |
_c2058 _d2058 |
||